Los últimos románticos

Guardado en:
书目详细资料
主要作者: Baroja, Pío
格式: 图书
语言:Undetermined
出版: Madrid, España Caro Raggio [s.f.]
主题:
标签: 添加标签
没有标签, 成为第一个标记此记录!

MARC

LEADER 00000nam a2200000Ia 4500
008 170316s9999 xx 000 0 und d
040 |a cru BVZT 
090 |a 862 B-6u 
100 |a Baroja, Pío 
245 |a Los últimos románticos 
260 |a Madrid, España 
260 |b Caro Raggio 
260 |c [s.f.] 
300 |a 315 páginas 
650 |a LITERATURA ESPAÑOLA 
999 |c 9570  |d 9570 
942 |c 15 D  |h 862 B-6u  |2 z